Fr. Conceicao Rodrigues College of Engineering

DYNAMICS OF HUMAN RELATIONS. (Record no. 19673)

MARC details
000 -LEADER
fixed length control field 00358nam a2200157Ia 4500
082 ## - DEWEY DECIMAL CLASSIFICATION NUMBER
Classification number 170/D'SO
100 ## - MAIN ENTRY--PERSONAL NAME
Personal name D'SOUSA/D'SOCHARLES S.
245 ## - TITLE STATEMENT
Title DYNAMICS OF HUMAN RELATIONS.
260 ## - PUBLICATION, DISTRIBUTION, ETC.
Name of publisher, distributor, etc. BETTER YOURSELF BOOK
Place of publication, distribution, etc. Bandra
Date of publication, distribution, etc. 1983
300 ## - PHYSICAL DESCRIPTION
Extent 199
546 ## - LANGUAGE NOTE
Language note ENGLISH
650 ## - SUBJECT ADDED ENTRY--TOPICAL TERM
Topical term or geographic name entry element PHILOPSOPHY
654 ## - SUBJECT ADDED ENTRY--FACETED TOPICAL TERMS
Focus term HUMAN RELATIONS.
942 ## - ADDED ENTRY ELEMENTS (KOHA)
Koha item type BOOK
Holdings
Withdrawn status Lost status Damaged status Not for loan Collection Home library Current library Date acquired Total Checkouts Full call number Barcode Date last seen Price effective from Koha item type
        CRC Fr. Agnel's C.Rodrigues College of Engineering Fr. Agnel's C.Rodrigues College of Engineering 17/03/2023   170/D'SO 17795 17/03/2023   BOOK